000 00414nam a2200145Ia 4500
008 100204s9999 xx 000 0 und d
082 _b7883
100 _aतिबिले अनंत
245 _aआव्हान
260 _b"मधुर पब्लिकेशन , पुणे 2"
_c1985
300 _a181
630 _aआव्हान
730 _aआव्हान
942 _cBOOK
999 _c452319
_d452316